Countries Breakdown Puzzle #6 - Statistics

General Stats
  • This quiz has been taken 13,454 times
  • The average score is 16 of 30
Answer Stats
Hint Answer % Correct
"No pain, no ____" GAIN
96%
Lock opener KEY
95%
Japanese currency YEN
95%
Body's listening device EAR
90%
1/1000 of a kilogram GRAM
81%
Chest bone RIB
71%
Castle remnants RUIN
68%
Unopen flower BUD
65%
Vend SELL
65%
GERMANY
63%
Less than zero MINUS
63%
Not strict; tolerant LENIENT
59%
TURKEY
57%
Deep groove in road RUT
56%
Faculty head DEAN
54%
Anger, rage IRE
52%
Concert location VENUE
49%
NIGERIA
47%
Scrap of cloth RAG
47%
One of Sinbad's seven SEA
47%
BURUNDI
37%
Relax, lounge around LAZE
35%
Filled with cheddar, eg. CHEESY
33%
VENEZUELA
33%
SERBIA
31%
SURINAME
31%
SEYCHELLES
27%
GRENADA
23%
Scratches one's skin ITCHES
20%
LIECHTENSTEIN
11%
No matching quizzes found
Score Distribution
Percent of People with Each Score
Percentile by Number Answered
Your Score History
You have not taken this quiz